The World shipping industry.
| Main Author: | |
|---|---|
| Format: | Book |
| Published: |
London:
Routledge,
2011.
|
| Subjects: |
| LEADER | 00478cam a2200169 7i4500 | ||
|---|---|---|---|
| 001 | 0000027349 | ||
| 005 | 20120212090000.0 | ||
| 020 | 0 | 0 | |a 9780415613378 |
| 090 | 0 | 0 | |a I 387.5 |b FRA |
| 100 | 1 | 0 | |a Frankel |
| 245 | 1 | 0 | |a The World shipping industry. |
| 260 | 0 | 0 | |a London: |b Routledge, |c 2011. |
| 300 | # | # | |a 261 p. |
| 650 | 0 | 0 | |a Shipping |
| 650 | 0 | 0 | |a Shipping -- |z United States of America |
| 651 | 0 | 0 | |a United States of America |
| 999 | |a B000029972 |b Book |c International |e Business Information Centre | ||


